1844 1413 1577 1567 1942 1243 1252 1676 1334 1362 1401 1858 1743 1080 1802 1664 1936 1246 1572 1732 1808 1173 1132 1209 1273 1836 1535 1991 1526 1631 1943 1973 1372 1391 1032 1456 1098 1901 1479 1698 1680 1427 1226 1493 1489 1080 1419 1310 1272 1734 1825 1145 1820 1153 1155 1051 1383 1050 1897 1362 1668 1817 1494 1878 1829 1071 1803 1575 1262 1922 1578 1252 1452 1571 1847 1735 1375 1602 1679 1636 1092 1159 1924 1517 1462 1604 1412 1001 1158 1213 1506 1520 1499 1750 1602 1685 1093 1589 1579 BCNSPRNW ULIB Ver.6.0+V

เปลี่ยนเป็นภาษาไทย

Change to English
 แสดงรายละเอียดบรรณานุกรม
  กลับหน้าหลัก

Brief Record : Get Marc (ISO 2709) : E-mail record : QR code < ปิดหน้าต่าง
LEADER : 00000nam 2200000uu 4500
001    13399112722
003     ULIB
008    110907s2551||||th 000 0 tha d
020    9789746254441
050  4 LB3012.4T5^bค752ก 2551
245 00 การสร้างภูมิต้านทานแก่นักศึกษาเพื่อการใช้ชีวิตที่มีเหตุผล/^cเครือข่ายสถาบันอุดมศึกษา ภาคตะวันออกเฉียงเหนือ เพื่อพัฒนาบัณฑิตอุดมคติไทย
246 14 โครงการสร้างจริยธรรมเพื่อพัฒนาบัณฑิตอุดมคติไทย
250    พิมพ์ครั้งที่ 1
260    นครราชสีมา :^bเครือข่าย,^c2551
300    108 หน้า :^bภาพประกอบ
500    ชื่อเรื่องจากปกนอก
500    โครงการสร้างจริยธรรมเพื่อพัฒนาบัณฑิตอุดมคติไทย(ข้อความเหนือชื่อเรื่อง)
650  4 การศึกษาขั้นอุดมศึกษา^xแง่ศีลธรรมจรรยา^zไทย
650  4 จริยธรรม
650  4 จริยธรรมของผู้เรียน^zไทย
650  4 นักศึกษา^xการดำเนินชีวิต
650  4 นักศึกษา^xแง่ศีลธรรมจรรยา^zไทย
650  4 นักศึกษา^zไทย
650  4 บัณฑิต^xแง่ศีลธรรมจรรยา^zไทย
945    ^p0^l0^i029200
995    ทศพร
999 ^a ทศพร
รายการนี้ยังไม่มีแท็ก
คุณยังไม่ได้ล็อกอิน คุณสามารถมีกิจกรรมร่วมกับเว็บไซต์ได้ แต่ต้องล็อกอินก่อน ::
  ล็อกอิน

รายการสื่อสารสนเทศ

ลำดับที่ ประเภท เลขเรียก/บาร์โค้ด สถานที่ สถานะ
- ไม่พบข้อมูล -

รายการใกล้เคียง
    หัวเรื่อง [จริยธรรม]

BibComment


ยังไม่เคยถูกคอมเมนท์

คอมเมนท์ทรัพยากรรายการนี้
  คอมเมนท์: การสร้างภูมิต้านท..


 Copyright 2026. Bcnsprnw @Library